000 01343cam a22003737a 4500
003 CHAP
005 20220329142701.0
008 010920d2001 mx r 00110 spa d
010 _a86466
011 _a87438
035 _a97982
040 _cCHAP
090 _aTesis
100 0 0 _aArcos Mendez, Miguel.
_96841
245 1 3 _aLa refuncionalización de la identidad Chol a través de algunos elementos constitutivos de su cultura en Palenque, Chiapas
_c/por Miguel Arcos Méndez
260 _aChapingo, Méx. :
_bEl autor,
_c2002.
300 _a110 h.
502 _aTesis (Ing. Agr. Esp. en Sociología Rural) -- UACH. Departamento de Sociología Rural
590 _aALEPH
_b10
_c20130110
_lUCH01
_h1450
590 _aBATCH-UPD
_b10
_c20130110
_lUCH01
_h0220
590 _aBATCH-UPD
_b10
_c20130110
_lUCH01
_h1332
590 _aBATCH-UPD
_b10
_c20130409
_lUCH01
_h2240
590 _aCONVERSION
_b10
_c20130109
_lUCH01
_h1348
650 0 4 _aCholes
_xCultura.
_922855
650 1 4 _aChiapas
_xCultura.
_922229
650 1 4 _aIndios de Chiapas.
_957593
650 1 4 _aIndios de Chiapas
_xMedicina.
_957598
650 1 4 _aSelva Lacandona.
_9103818
901 _aBK
905 _aAlejandra Carrasco M.
942 _cFOLL
949 _aTesis
_bBC
_cTES
_d33724000879359
_eTS2
_fc.2
_h40128
_i97982
_si
949 _aTesis
_bBC
_cTES
_d979821
_eTS1
_h40127
_i97982
_sb
999 _c86466
_d86466